[Event "Collado Villalba op 28th"]
[Site "Collado Villalba"]
[Date "2011.08.27"]
[Round "5"]
[White "Salgado Lopez, Oscar"]
[Black "Madina Yadarola, Martin"]
[Result "1/2-1/2"]
[WhiteElo "2219"]
[BlackElo "2291"]
[PlyCount "72"]
[EventDate "2011.08.23"]
[EventType "swiss"]
[EventRounds "9"]
[EventCountry "ESP"]
[SourceTitle "CBM 144 Extra"]
[Source "ChessBase"]
[SourceDate "2011.10.28"]
[SourceVersion "1"]
[SourceVersionDate "2011.10.28"]
[SourceQuality "1"]

1. e4 e5 2. Nf3 Qe7 3. g3 g6 4. Bg2 Bg7 5. 0-0 Nf6 6. d4 d6 7. dxe5 dxe5 8. c3 0-0 9. Qc2 b6 10. Re1 Ba6 11. Bf1 Bb7 12. Nbd2 Nbd7 13. b3 Ne8 14. a4 Nd6 15. Ba3 f5 16. exf5 c5 17. Rad1 Kh8 18. Nh4 gxf5 19. Nc4 Nxc4 20. Bxc4 e4 21. f4 Rad8 22. Bb2 Qf6 23. Ng2 Nb8 24. Ne3 Na6 25. Rxd8 Rxd8 26. Rd1 Rxd1+ 27. Qxd1 Nb8 28. Qh5 Bc8 29. Kf2 Qg6 30. Qd1 Qe8 31. Qd5 Qf8 32. Qa8 Qd6 33. Ke2 Be6 34. Bxe6 Qd3+ 35. Kf2 Qd2+ 36. Kf1 Qd3+ 1/2-1/2

[Event "Collado Villalba op 28th"]
[Site "Collado Villalba"]
[Date "2011.08.23"]
[Round "1"]
[White "Velasco Garcia, Jorge Juan"]
[Black "Salgado Lopez, Oscar"]
[Result "0-1"]
[WhiteElo "1927"]
[BlackElo "2219"]
[PlyCount "78"]
[EventDate "2011.08.23"]
[EventType "swiss"]
[EventRounds "9"]
[EventCountry "ESP"]
[SourceTitle "CBM 144 Extra"]
[Source "ChessBase"]
[SourceDate "2011.10.28"]
[SourceVersion "1"]
[SourceVersionDate "2011.10.28"]
[SourceQuality "1"]

1. d4 d5 2. Nf3 Nf6 3. g3 c6 4. Bg2 h6 5. 0-0 Bf5 6. c4 e6 7. Nc3 Nbd7 8. Re1 Be7 9. Qb3 Qb6 10. c5 Qc7 11. Bf4 Qc8 12. Bd6 Bxd6 13. cxd6 0-0 14. Rac1 Rd8 15. Ne5 Nb6 16. f3 Rxd6 17. e4 Bh7 18. Nxf7 Kxf7 19. e5 Rd8 20. exf6 gxf6 21. Bh3 Re8 22. Nb5 Qd7 23. Nxa7 Nc4 24. Rxc4 dxc4 25. Qe3 Rxa7 26. d5 exd5 27. Bxd7 Rxe3 28. Rxe3 Rxa2 29. Be8+ Kf8 30. Bh5 Ra8 31. Re6 d4 32. Rxf6+ Kg7 33. Rf7+ Kh8 34. Kf2 c3 35. bxc3 dxc3 36. Rf4 b5 37. Rf6 c5 38. Ke3 c2 39. Kd2 Rd8+ 0-1

[Event "Pontevedra Carlos op 3rd"]
[Site "Pontevedra"]
[Date "2011.06.27"]
[Round "3.3"]
[White "Paunovic, Dragan"]
[Black "Salgado Lopez, Oscar"]
[Result "1-0"]
[WhiteElo "2504"]
[BlackElo "2219"]
[PlyCount "101"]
[EventDate "2011.06.25"]
[EventType "swiss"]
[EventRounds "9"]
[EventCountry "ESP"]
[SourceTitle "EXT 2024"]
[Source "ChessBase"]
[SourceDate "2023.10.10"]
[SourceVersion "1"]
[SourceVersionDate "2023.10.10"]
[SourceQuality "1"]

1. c4 e5 2. Nc3 Nc6 3. e3 Nf6 4. Nf3 d6 5. d4 Be7 6. d5 Nb8 7. Bd3 Nbd7 8. e4 0-0 9. 0-0 Nh5 10. Re1 g6 11. Bh6 Re8 12. b4 a5 13. a3 Nf4 14. Bf1 Bf8 15. Bxf8 Rxf8 16. g3 Nh5 17. Rc1 b6 18. Nb5 h6 19. c5 bxc5 20. bxc5 dxc5 21. Nc3 Qf6 22. Na4 c6 23. Nd2 Ng7 24. Bg2 Rd8 25. Nxc5 cxd5 26. exd5 Nxc5 27. Rxc5 Bb7 28. Qa4 Nf5 29. Rxa5 Qb6 30. Rxa8 Rxa8 31. Qb4 Qxb4 32. axb4 Ra4 33. Rb1 Nd6 34. Ne4 Nxe4 35. Bxe4 Kf8 36. Bg2 Ke8 37. Bf1 Ke7 38. Bb5 Ra2 39. Bc6 Bxc6 40. dxc6 Kd6 41. b5 Ra8 42. Rd1+ Kc5 43. Rd7 Kxb5 44. c7 Kc6 45. Rxf7 Kb7 46. Kf1 Ra2 47. Re7 Ra6 48. h4 Rf6 49. Ke2 g5 50. hxg5 hxg5 51. Rxe5 1-0

[Event "Sanxenxo Carlos op"]
[Site "Sanxenxo"]
[Date "2009.06.26"]
[Round "7"]
[White "Salgado Lopez, Oscar"]
[Black "Adrian, Claude"]
[Result "1/2-1/2"]
[WhiteElo "2216"]
[BlackElo "2292"]
[PlyCount "46"]
[EventDate "2009.06.20"]
[EventType "swiss"]
[EventRounds "9"]
[EventCountry "ESP"]
[SourceTitle "CBM 131 Extra"]
[Source "ChessBase"]
[SourceDate "2009.09.03"]
[SourceVersion "2"]
[SourceVersionDate "2009.09.16"]
[SourceQuality "1"]

1. e4 e6 2. d4 d5 3. e5 c5 4. c3 Qb6 5. Nf3 Nc6 6. a3 Nh6 7. b4 cxd4 8. cxd4 Nf5 9. Be3 f6 10. exf6 gxf6 11. Bd3 Nxe3 12. fxe3 Bd7 13. 0-0 Bh6 14. Qe2 Rc8 15. Nbd2 0-0 16. Nb3 Nd8 17. Nc5 Qd6 18. e4 b6 19. e5 fxe5 20. Nxd7 Qxd7 21. Nxe5 Qg7 22. g3 Rxf1+ 23. Rxf1 Rc1 1/2-1/2

[Event "Madrid Anticrisis op"]
[Site "Madrid"]
[Date "2009.03.31"]
[Round "9"]
[White "Salgado Lopez, Oscar"]
[Black "Sanchez Millan, Eduardo"]
[Result "1-0"]
[WhiteElo "2214"]
[BlackElo "1915"]
[PlyCount "51"]
[EventDate "2009.03.03"]
[EventType "swiss"]
[EventRounds "9"]
[EventCountry "ESP"]
[SourceTitle "CBM 129 Extra"]
[Source "ChessBase"]
[SourceDate "2009.05.05"]
[SourceVersion "2"]
[SourceVersionDate "2009.05.20"]
[SourceQuality "1"]

1. e4 c5 2. b3 Nc6 3. Bb2 d6 4. Bb5 Bd7 5. Nf3 Nf6 6. Nc3 a6 7. Bxc6 Bxc6 8. Qe2 e5 9. 0-0 Be7 10. d3 0-0 11. a4 b5 12. Nd2 Qc7 13. f4 exf4 14. Rxf4 Nd7 15. Nd5 Bxd5 16. exd5 Bg5 17. Re4 Bf6 18. Bxf6 Nxf6 19. Re7 Rfe8 20. Rxc7 Rxe2 21. axb5 Rxd2 22. b6 Nxd5 23. Rxa6 Re8 24. Rc8 Rxc8 25. b7 Ne7 26. Ra8 1-0

[Event "Madrid-ch sf-B"]
[Site "Madrid"]
[Date "2008.01.19"]
[Round "5"]
[White "Salgado Lopez, Oscar"]
[Black "Perez Martinez, Jose Manuel"]
[Result "1/2-1/2"]
[WhiteElo "2211"]
[BlackElo "1998"]
[PlyCount "54"]
[EventDate "2008.01.10"]
[EventType "swiss"]
[EventRounds "9"]
[EventCountry "ESP"]
[SourceTitle "EXT 2010"]
[Source "ChessBase"]
[SourceDate "2010.11.25"]
[SourceVersion "1"]
[SourceVersionDate "2010.11.25"]
[SourceQuality "1"]

1. c4 Nf6 2. Nc3 c5 3. Nf3 Nc6 4. g3 d6 5. d4 cxd4 6. Nxd4 g6 7. Bg2 Bd7 8. 0-0 Bg7 9. b3 0-0 10. Bb2 Rb8 11. e3 a6 12. Rc1 Bg4 13. f3 Nxd4 14. Qxd4 Be6 15. Qd3 Qa5 16. f4 b5 17. cxb5 axb5 18. Rc2 b4 19. Na4 Rbc8 20. Rfc1 Rxc2 21. Rxc2 Rc8 22. Bd4 Rxc2 23. Qxc2 Nd7 24. Qc8+ Nf8 25. Qb7 Nd7 26. Bxg7 Kxg7 27. Bc6 Nc5 1/2-1/2

[Event "Madrid Pueblo Nuevo IRT 13th"]
[Site "Madrid"]
[Date "2006.11.23"]
[Round "7"]
[White "Gormaz Lietor, Andres Miguel"]
[Black "Salgado Lopez, Oscar"]
[Result "0-1"]
[WhiteElo "1791"]
[BlackElo "2199"]
[PlyCount "47"]
[EventDate "2006.11.02"]
[EventType "tourn"]
[EventRounds "9"]
[EventCountry "ESP"]
[SourceTitle "EXT 2008"]
[Source "ChessBase"]
[SourceDate "2007.11.25"]
[SourceVersion "1"]
[SourceVersionDate "2007.11.25"]
[SourceQuality "1"]

1. d4 d5 2. c4 c6 3. Nc3 Nf6 4. e3 a6 5. Nf3 b5 6. cxd5 cxd5 7. Ne5 e6 8. Bd3 Bb7 9. 0-0 Nbd7 10. f4 Bd6 11. a3 0-0 12. Bd2 Ne4 13. Qc2 Rc8 14. Rad1 f5 15. g4 Bxe5 16. fxe5 fxg4 17. Rxf8+ Nxf8 18. Rf1 Qg5 19. Bxe4 dxe4 20. Qb3 g3 21. h3 Qh5 22. Kg2 Rxc3 23. Rxf8+ Kxf8 24. Qxc3 0-1

[Event "Madrid Pueblo Nuevo IRT 13th"]
[Site "Madrid"]
[Date "2006.11.21"]
[Round "6"]
[White "Salgado Lopez, Oscar"]
[Black "Tejedo Meneses, Alvaro"]
[Result "1/2-1/2"]
[WhiteElo "2199"]
[BlackElo "2022"]
[PlyCount "67"]
[EventDate "2006.11.02"]
[EventType "tourn"]
[EventRounds "9"]
[EventCountry "ESP"]
[SourceTitle "EXT 2008"]
[Source "ChessBase"]
[SourceDate "2007.11.25"]
[SourceVersion "1"]
[SourceVersionDate "2007.11.25"]
[SourceQuality "1"]

1. e4 c5 2. Nf3 d6 3. d4 cxd4 4. Nxd4 Nf6 5. Nc3 e6 6. g4 h6 7. Rg1 Be7 8. Be3 a6 9. h4 d5 10. exd5 Nxd5 11. Nxd5 Qxd5 12. g5 hxg5 13. hxg5 Bd7 14. Bg2 Qc4 15. Qe2 Bb4+ 16. Bd2 Qxe2+ 17. Kxe2 Bxd2 18. Kxd2 Nc6 19. Nxc6 Bxc6 20. Bxc6+ bxc6 21. Rh1 Ke7 22. Ke3 Rhd8 23. Rad1 Rd5 24. Rxd5 cxd5 25. Rh4 Rb8 26. b3 e5 27. Ra4 Rb6 28. c4 d4+ 29. Ke4 Ke6 30. f4 exf4 31. c5 Rc6 32. Rxd4 Rxc5 33. Kxf4 Rf5+ 34. Kg4 1/2-1/2